| 000 | 00530nam a22001817a 4500 | ||
|---|---|---|---|
| 999 |
_c17200 _d17200 |
||
| 003 | AR-CdUCM | ||
| 008 | 190507b ||||| |||| 00| 0 sp d | ||
| 040 |
_aMUNICIPALIDAD PROVINCIAL DEL CUSCO _cBIBLIOTECA MUNICIPAL DEL CUSCO |
||
| 082 |
_a869.502 / _bS36 |
||
| 100 |
_aAscensio Segura, Manuel _937072 |
||
| 245 | _aEl sargento canuto y la moza mala / | ||
| 260 |
_aLima : _bNuevos Rumbos, _c1958. |
||
| 300 |
_a91 páginas ; _c18 cm. |
||
| 505 | _aComedia. | ||
| 650 |
_aComedia. _92607 |
||
| 942 |
_2ddc _cLIBROS |
||
| 945 | _awfj | ||